| 000 | 00795nam a2200253Ia 4500 | ||
|---|---|---|---|
| 003 | GCL | ||
| 008 | 140319s9999 xx 000 0 ara d | ||
| 040 |
_aGCL / _cGCL |
||
| 082 | 0 | 4 |
_a915.691 _bت ق |
| 100 | 1 | _aتيسير سورى | |
| 245 | 1 | 0 |
_aقرية بنى نعيم: دراسة ميدانية / _cتيسير سورى |
| 700 | 1 | _aسليمان المناصرة(اعداد) | |
| 260 |
_a[S.N] : _bرابطة الجامعيين- الخليل مركز الابحاث ، _c1987 |
||
| 300 | _a238 ص | ||
| 490 |
_aسلسلة دراسات _v0 |
||
| 650 | 0 | 4 | _aتاريخ |
| 650 | 0 | 4 | _aفلسطين |
| 650 | 0 | 4 | _aالجغرافيا الطبيعية |
| 650 | 0 | 4 | _aالمدن |
| 650 | 0 | 4 | _aالقرى |
| 650 | 0 | 4 | _aقرية بنى نعيم |
| 650 | 0 | 4 | _aالخليل |
| 942 |
_2ddc _cBK |
||
| 999 |
_c35959 _d35959 |
||